1175 1011 1476 1732 1408 1251 1055 1040 1529 1548 1509 1369 1386 1786 1463 1905 1198 1541 1919 1119 1226 1831 1078 1197 1898 1913 1627 1642 1266 1646 1467 1369 1466 1340 1183 1712 1831 1691 1413 1515 1633 1718 1711 1273 1787 1707 1469 1920 1987 1320 1719 1579 1574 1458 1157 1298 1401 1050 1376 1088 1241 1417 1872 1646 1595 1028 1998 1864 1876 1559 1293 1824 1874 1806 1196 1413 1690 1148 1166 1420 1759 1075 1054 1327 1259 1964 1744 1247 1661 1868 1947 1295 1111 1199 1237 1038 1067 1753 1052 BCNSPRNW ULIB Ver.6.0+V

เปลี่ยนเป็นภาษาไทย

Change to English
 แสดงรายละเอียดบรรณานุกรม
  กลับหน้าหลัก

Brief Record : Get Marc (ISO 2709) : E-mail record : QR code < ปิดหน้าต่าง
LEADER : 00000nam 2200000uu 4500
001    13399120355
003     ULIB
008    120918s2553||||th 000 0 tha d
020    ^a9786167098722
060 04 ^aWC680^b343ร
100 0  ^aรัชนีวรรณ แก้วรังสี
245 00 ^aโรคร้ายที่มากับภัยโลกร้อน /^cโดย รัชนีวรรณ แก้วรังสี
250    ^aพิมพ์ครั้งที่ 1.
260    ^aกรุงเทพฯ:^bFeel good Pubishing,^c2553.
300    ^a176 หน้า:^bภาพประกอบ;^c21 ซม.
650  7 ^aสุขภาพ
945    ^p145^l0^i028978
999    ^aทศพร
รายการนี้ยังไม่มีแท็ก
คุณยังไม่ได้ล็อกอิน คุณสามารถมีกิจกรรมร่วมกับเว็บไซต์ได้ แต่ต้องล็อกอินก่อน ::
  ล็อกอิน

รายการสื่อสารสนเทศ

ลำดับที่ ประเภท เลขเรียก/บาร์โค้ด สถานที่ สถานะ
1. วิทยาศาสตร์การแพทย์ และสุขภาพ
หนังสือสำรอง
สถานะ=หนังสือสำรอง
WC680 343ร ฉ.1 
  Barcode: 028978
ห้องสมุดวิทยาเขตสวรรค์ประชารักษ์
►ส่วนจัดเก็บหนังสือเก่า สปร
บนชั้น
  ขอยืม

รายการใกล้เคียง
    ผู้แต่ง [รัชนีวรรณ แก้วรังสี]

    หัวเรื่อง [สุขภาพ]

BibComment


ยังไม่เคยถูกคอมเมนท์

คอมเมนท์ทรัพยากรรายการนี้
  คอมเมนท์: โรคร้ายที่มากับภ..


 Copyright 2026. Bcnsprnw @Library